[Event "Cornella de Llobregat op 7th"]
[Site "Cornella de Llobregat"]
[Date "2019.11.04"]
[Round "5"]
[White "Hernandez Perez, Xavier"]
[Black "Planella Sanchez, Jordi"]
[Result "0-1"]
[WhiteElo "1887"]
[BlackElo "1959"]
[PlyCount "90"]
[EventDate "2019.10.07"]
[EventType "swiss"]
[EventRounds "9"]
[EventCountry "ESP"]
[SourceTitle "CBM 193 Extra"]
[Source "ChessBase"]
[SourceDate "2020.01.31"]
[SourceVersion "1"]
[SourceVersionDate "2020.01.31"]
[SourceQuality "1"]

1. d4 Nf6 2. Nf3 d5 3. e3 Bf5 4. Bd3 e6 5. 0-0 Bd6 6. c4 Bg6 7. Nc3 c6 8. b3 0-0 9. Bb2 Nbd7 10. Qc2 Rc8 11. Bxg6 hxg6 12. e4 dxe4 13. Nxe4 Nxe4 14. Qxe4 Qa5 15. Ne5 Nf6 16. Qe2 Rfd8 17. Rfd1 Ba3 18. Rd3 Bxb2 19. Qxb2 Nd7 20. b4 Qc7 21. Nxd7 Rxd7 22. Rad1 Rcd8 23. Qe2 Qf4 24. g3 Qf5 25. f3 a5 26. a3 axb4 27. axb4 b5 28. cxb5 Qxb5 29. Qe4 Rd5 30. g4 Qxb4 31. Ra1 c5 32. Ra7 Rxd4 33. Rb7 Qa4 34. Rxd4 Qxd4+ 35. Qxd4 cxd4 36. Kf2 d3 37. Ke1 d2+ 38. Kd1 g5 39. Rb5 f6 40. Rb6 Kf7 41. Rb7+ Kg6 42. Rb5 Rd3 43. h4 gxh4 44. Rh5 Rxf3 45. Rxh4 Rd3 0-1

[Event "Cornella de Llobregat op 7th"]
[Site "Cornella de Llobregat"]
[Date "2019.10.14"]
[Round "2"]
[White "Perez Mitjans, Orelvis"]
[Black "Hernandez Perez, Xavier"]
[Result "1-0"]
[WhiteElo "2409"]
[BlackElo "1887"]
[PlyCount "53"]
[EventDate "2019.10.07"]
[EventType "swiss"]
[EventRounds "9"]
[EventCountry "ESP"]
[SourceTitle "CBM 193 Extra"]
[Source "ChessBase"]
[SourceDate "2020.01.31"]
[SourceVersion "1"]
[SourceVersionDate "2020.01.31"]
[SourceQuality "1"]

1. e4 c6 2. Nf3 d5 3. exd5 cxd5 4. Ne5 Nc6 5. d4 e6 6. c3 Bd6 7. f4 Nge7 8. Bd3 h5 9. 0-0 Bd7 10. a4 g6 11. Nd2 Nf5 12. Ndf3 Qe7 13. Ng5 Bxe5 14. fxe5 0-0-0 15. Nf3 Rdg8 16. Bg5 Qe8 17. b4 Nce7 18. b5 h4 19. Qb3 Kb8 20. a5 Rh5 21. Qb4 Rxg5 22. Nxg5 Rh8 23. Qc5 Rh5 24. Nf3 g5 25. b6 Bc6 26. bxa7+ Ka8 27. a6 1-0

[Event "Foment Martinenc op-A 21st"]
[Site "Barcelona"]
[Date "2019.06.15"]
[Round "8"]
[White "Hernandez Perez, Xavier"]
[Black "Moreno Oller, Victor"]
[Result "0-1"]
[WhiteElo "1912"]
[BlackElo "1784"]
[PlyCount "130"]
[EventDate "2019.04.27"]
[EventType "swiss"]
[EventRounds "9"]
[EventCountry "ESP"]
[SourceTitle "EXT 2020"]
[Source "ChessBase"]
[SourceDate "2019.10.17"]
[SourceVersion "1"]
[SourceVersionDate "2019.10.17"]
[SourceQuality "1"]

1. d4 Nf6 2. Nf3 g6 3. e3 Bg7 4. Be2 0-0 5. 0-0 d5 6. c4 c5 7. dxc5 dxc4 8. Nc3 Qc7 9. Qc2 Na6 10. Bxc4 Nxc5 11. Nb5 Qb6 12. Nbd4 Nfe4 13. a3 e5 14. Ne2 Nd6 15. b4 Nxc4 16. Qxc4 Na6 17. Bb2 Be6 18. Qh4 Rac8 19. Bxe5 Bxe5 20. Nxe5 Qb5 21. Ng4 Qxe2 22. Nf6+ Kg7 23. g4 h6 24. g5 hxg5 25. Qd4 Kh6 26. f4 Rc4 27. fxg5+ Kxg5 28. Qe5+ Kh6 29. Rae1 Qd2 30. Rd1 Qc3 31. Rd4 Rxd4 32. exd4 Bh3 33. Qf4+ g5 34. Qe4 Rh8 35. Nd5 Qc8 36. Rf6+ Kh5 37. Ne3 Qc1+ 38. Kf2 Qd2+ 39. Kg3 Be6 40. Qf3+ g4 41. Nxg4 Qg5 42. h3 Qh4+ 43. Kg2 Bxg4 44. Qd5+ Qg5 45. hxg4+ Kh4 46. Qf3 Qd2+ 47. Kg1 Qxd4+ 48. Kg2 Qxg4+ 49. Kf2 Qxf3+ 50. Kxf3 Rf8 51. Kf4 Kh5 52. Ke5 Kg5 53. Rf1 f5 54. Rg1+ Kh5 55. Kf4 Rf7 56. Rg8 b6 57. Rg5+ Kh6 58. Rxf5 Kg6 59. Rxf7 Kxf7 60. Ke5 Ke7 61. Kd5 Kd7 62. Kc4 Nc7 63. a4 Kd6 64. a5 b5+ 65. Kd4 Nd5 0-1

[Event "Foment Martinenc op-A 21st"]
[Site "Barcelona"]
[Date "2019.05.18"]
[Round "4"]
[White "Hernandez Perez, Xavier"]
[Black "Devos, Herve"]
[Result "1-0"]
[WhiteElo "1912"]
[BlackElo "1823"]
[PlyCount "103"]
[EventDate "2019.04.27"]
[EventType "swiss"]
[EventRounds "9"]
[EventCountry "ESP"]
[SourceTitle "EXT 2020"]
[Source "ChessBase"]
[SourceDate "2019.10.17"]
[SourceVersion "1"]
[SourceVersionDate "2019.10.17"]
[SourceQuality "1"]

1. d4 Nf6 2. Nf3 g6 3. c4 d6 4. g3 Bg7 5. Bg2 0-0 6. 0-0 c5 7. Nc3 Nbd7 8. h3 Rb8 9. Qc2 b6 10. d5 Ne5 11. Nxe5 dxe5 12. Bg5 Ne8 13. d6 Nxd6 14. Rad1 f6 15. Be3 a6 16. f4 exf4 17. Bxf4 e5 18. Be3 Bf5 19. Qa4 Qc7 20. Qxa6 Be6 21. Nd5 Bxd5 22. Bxd5+ Kh8 23. Qa3 Nf5 24. Bf2 Nd4 25. Qd3 f5 26. Bg2 Rbd8 27. Kh1 e4 28. Qa3 Ra8 29. Qe3 Rxa2 30. Qg5 Nxe2 31. Rd5 Rxb2 32. Rfd1 Nd4 33. Be3 Bf6 34. Qh6 Bg7 35. Qg5 Bf6 36. Qh6 Qg7 37. Qf4 Rb3 38. h4 Re8 39. Qd6 Rxe3 40. Ra1 Be5 41. Qxb6 Bxg3 42. Qxc5 Be5 43. Ra7 Re1+ 44. Bf1 Rxf1+ 45. Kg2 Qf8 46. Rxe5 Rc8 47. Qxd4 Rd1 48. Qxd1 Rd8 49. Rd5 Re8 50. Rdd7 Qb4 51. Rxh7+ Kg8 52. Qd5+ 1-0

[Event "Barcelona Ateneu Colon op 4th"]
[Site "Barcelona"]
[Date "2009.06.09"]
[Round "8"]
[White "Hernandez Perez, Xavier"]
[Black "Marques Taltavull, Antonio"]
[Result "1-0"]
[WhiteElo "1982"]
[BlackElo "2179"]
[PlyCount "119"]
[EventDate "2009.04.21"]
[EventType "swiss"]
[EventRounds "9"]
[EventCountry "ESP"]
[SourceTitle "EXT 2011"]
[Source "ChessBase"]
[SourceDate "2010.11.26"]
[SourceVersion "1"]
[SourceVersionDate "2010.11.26"]
[SourceQuality "1"]

1. e4 e5 2. d4 Nc6 3. d5 Nce7 4. Nf3 Ng6 5. Nc3 a6 6. d6 Bxd6 7. Bc4 Nf6 8. Bg5 Be7 9. h4 h5 10. Qe2 b5 11. Bb3 d6 12. 0-0-0 c6 13. Kb1 a5 14. Bxf6 gxf6 15. a4 b4 16. Qc4 0-0 17. Na2 Qb6 18. Qf1 f5 19. Ng5 fxe4 20. Qe2 Bg4 21. f3 exf3 22. gxf3 Bf5 23. Rhg1 d5 24. Rg3 f6 25. Nh3 Kf7 26. Rdg1 Bxh3 27. Rxg6 Bg4 28. Qg2 Kxg6 29. fxg4 Kf7 30. g5 f5 31. g6+ Kg7 32. Rf1 Rf6 33. Qe2 e4 34. Qxh5 Rh8 35. Qg5 Qd8 36. Rxf5 Rxf5 37. Qxf5 Qf8 38. Qd7 Qf6 39. c3 Rxh4 40. cxb4 Rh1+ 41. Nc1 axb4 42. a5 Rh2 43. Bc2 Qd6 44. Qe8 Rh8 45. Qf7+ Kh6 46. g7 Bf6 47. gxh8Q+ Bxh8 48. Qf5 c5 49. Ne2 Qe5 50. Qxe5 Bxe5 51. a6 Bb8 52. Nf4 e3 53. Bd3 c4 54. Be2 c3 55. Nxd5 cxb2 56. Nxb4 Ba7 57. Kxb2 Kg5 58. Nc6 Bb6 59. Kc3 Kf4 60. Kc4 1-0

[Event "Barcelona Ateneu Colon op 4th"]
[Site "Barcelona"]
[Date "2009.05.19"]
[Round "5"]
[White "Sharaibi, Olufemi"]
[Black "Hernandez Perez, Xavier"]
[Result "1-0"]
[WhiteElo "2103"]
[BlackElo "1982"]
[PlyCount "49"]
[EventDate "2009.04.21"]
[EventType "swiss"]
[EventRounds "9"]
[EventCountry "ESP"]
[SourceTitle "EXT 2011"]
[Source "ChessBase"]
[SourceDate "2010.11.26"]
[SourceVersion "1"]
[SourceVersionDate "2010.11.26"]
[SourceQuality "1"]

1. e4 e6 2. d4 d5 3. e5 c5 4. c3 Qb6 5. a3 cxd4 6. cxd4 Bd7 7. Nf3 Bb5 8. Bd3 Bxd3 9. Qxd3 Ne7 10. 0-0 Nbc6 11. Nc3 Nf5 12. Nxd5 exd5 13. Qxf5 Nxd4 14. Nxd4 Qxd4 15. e6 f6 16. Re1 g6 17. Qh3 Bg7 18. Be3 Qxb2 19. Rab1 Qxa3 20. Rxb7 d4 21. Rxg7 dxe3 22. fxe3 Qc3 23. Qh4 Qa5 24. Rd1 Rf8 25. Qxh7 1-0

[Event "Barcelona Rubi op-A 5th"]
[Site "Barcelona"]
[Date "2004.04.??"]
[Round "6"]
[White "Hernandez Perez, Xavier"]
[Black "Cortes Ventura, Joaquim"]
[Result "1-0"]
[WhiteElo "2010"]
[BlackElo "2115"]
[PlyCount "97"]
[EventDate "2004.04.25"]
[EventType "swiss"]
[EventRounds "9"]
[EventCountry "ESP"]
[SourceTitle "EXT 2007"]
[Source "ChessBase"]
[SourceDate "2006.11.23"]
[SourceVersion "1"]
[SourceVersionDate "2006.11.23"]
[SourceQuality "1"]

1. d4 Nf6 2. c4 g6 3. Nc3 d5 4. cxd5 Nxd5 5. Nf3 Bg7 6. Bd2 0-0 7. Qb3 c6 8. g3 Nb6 9. Rd1 Be6 10. Qc2 Qc8 11. h4 Na6 12. h5 Nb4 13. Qb1 Bf5 14. Ne4 N4d5 15. Bg2 Nf6 16. Nxf6+ exf6 17. Qc1 Re8 18. hxg6 fxg6 19. Bf4 Nd5 20. Bh6 Qe6 21. 0-0 g5 22. Bxg7 Kxg7 23. Rfe1 Bg6 24. e4 Nb6 25. e5 Nd5 26. exf6+ Qxf6 27. Qxg5 Qxg5 28. Nxg5 h6 29. Ne6+ Kf6 30. Bxd5 cxd5 31. Nc7 Rxe1+ 32. Rxe1 Rd8 33. Re5 Be4 34. Nb5 a6 35. Nc3 Bf3 36. Re3 Bg4 37. f3 Be6 38. Na4 Bc8 39. Re5 Rd6 40. Nc3 Be6 41. Kf2 Rb6 42. Re2 Rb4 43. Ke3 Rc4 44. Rh2 Kg6 45. Kf4 b5 46. Ke5 b4 47. Nxd5 Bxd5 48. Kxd5 Rc1 49. Re2 1-0

[Event "Barcelona Rubi op-A 5th"]
[Site "Barcelona"]
[Date "2004.04.??"]
[Round "8"]
[White "Rios Torondell, Jaume"]
[Black "Hernandez Perez, Xavier"]
[Result "1/2-1/2"]
[WhiteElo "2014"]
[BlackElo "2010"]
[PlyCount "60"]
[EventDate "2004.04.25"]
[EventType "swiss"]
[EventRounds "9"]
[EventCountry "ESP"]
[SourceTitle "EXT 2007"]
[Source "ChessBase"]
[SourceDate "2006.11.23"]
[SourceVersion "1"]
[SourceVersionDate "2006.11.23"]
[SourceQuality "1"]

1. e4 Nf6 2. e5 Nd5 3. d4 d6 4. c4 Nb6 5. f4 dxe5 6. fxe5 Nc6 7. Be3 g6 8. Nc3 Bg7 9. Nf3 Bg4 10. Qd2 Qd7 11. 0-0-0 0-0 12. Bh6 a5 13. Bxg7 Kxg7 14. d5 Bxf3 15. gxf3 Nxe5 16. Qd4 f6 17. f4 Nf7 18. Ne4 Nd8 19. Nc5 Qd6 20. h4 Nd7 21. Nd3 e5 22. Qe3 exf4 23. Nxf4 Qe5 24. Qf2 Qd6 25. Bh3 Qc5 26. Qxc5 Nxc5 27. Rhe1 f5 28. Re7+ Rf7 29. Re8 Rf8 30. Re7+ Rf7 1/2-1/2

[Event "Sant Boi op"]
[Site "Sant Boi de Llobregat"]
[Date "1998.??.??"]
[Round "5"]
[White "Avila Rodriguez, Josep Antoni"]
[Black "Hernandez Perez, Xavier"]
[Result "0-1"]
[WhiteElo "2050"]
[BlackElo "2075"]
[PlyCount "43"]
[EventDate "1998.??.??"]
[EventType "swiss"]
[EventRounds "8"]
[EventCountry "ESP"]
[SourceTitle "EXT 2003"]
[Source "ChessBase"]
[SourceDate "2002.11.25"]
[SourceVersion "1"]
[SourceVersionDate "2002.11.25"]
[SourceQuality "1"]

1. d4 d5 2. Nf3 c6 3. Bf4 e6 4. e3 f5 5. c4 Nf6 6. Nc3 Be7 7. h3 0-0 8. Bd3 Ne4 9. Qc2 Nd7 10. cxd5 exd5 11. h4 Ndf6 12. g3 Ng4 13. 0-0 Bd6 14. Ne2 g6 15. Ne5 Nxe5 16. dxe5 Be7 17. Nd4 Kg7 18. Kg2 h6 19. f3 g5 20. fxe4 fxe4 21. Be2 gxf4 22. Rxf4 0-1

[Event "Sant Boi op"]
[Site "Sant Boi de Llobregat"]
[Date "1998.??.??"]
[Round "7"]
[White "Hernandez Perez, Xavier"]
[Black "Daude Puvill, Antonio"]
[Result "1/2-1/2"]
[WhiteElo "2075"]
[BlackElo "2215"]
[PlyCount "23"]
[EventDate "1998.??.??"]
[EventType "swiss"]
[EventRounds "8"]
[EventCountry "ESP"]
[SourceTitle "EXT 2003"]
[Source "ChessBase"]
[SourceDate "2002.11.25"]
[SourceVersion "1"]
[SourceVersionDate "2002.11.25"]
[SourceQuality "1"]

1. c4 e5 2. Nc3 Nf6 3. Nf3 d6 4. g3 Be7 5. Bg2 c6 6. d3 0-0 7. Rb1 h6 8. b4 Be6 9. Qc2 Qc8 10. 0-0 Bh3 11. Rd1 Bxg2 12. Kxg2 1/2-1/2

[Event "Barcelona op-B"]
[Site "Barcelona"]
[Date "1998.??.??"]
[Round "6"]
[White "Mansilla Lou, Lluis"]
[Black "Hernandez Perez, Xavier"]
[Result "1/2-1/2"]
[WhiteElo "1970"]
[BlackElo "2035"]
[PlyCount "33"]
[EventDate "1998.??.??"]
[EventType "swiss"]
[EventRounds "8"]
[EventCountry "ESP"]
[SourceTitle "EXT 2019"]
[Source "ChessBase"]
[SourceDate "2018.10.10"]
[SourceVersion "1"]
[SourceVersionDate "2018.10.10"]
[SourceQuality "1"]

1. d4 e6 2. c4 f5 3. g3 Nf6 4. Bg2 Be7 5. Nf3 0-0 6. 0-0 d6 7. Nc3 Qe8 8. Qc2 Qh5 9. e4 fxe4 10. Nxe4 Nc6 11. Nxf6+ Bxf6 12. Be3 e5 13. dxe5 Nxe5 14. Nxe5 Qxe5 15. Be4 g6 16. Bh6 Bg7 17. Rae1 1/2-1/2

[Event "Sant Boi op"]
[Site "Sant Boi de Llobregat"]
[Date "1998.??.??"]
[Round "6"]
[White "Rovira Ruiz, Enric"]
[Black "Hernandez Perez, Xavier"]
[Result "1/2-1/2"]
[WhiteElo "2020"]
[BlackElo "2075"]
[PlyCount "38"]
[EventDate "1998.??.??"]
[EventType "swiss"]
[EventRounds "8"]
[EventCountry "ESP"]
[SourceTitle "EXT 2003"]
[Source "ChessBase"]
[SourceDate "2002.11.25"]
[SourceVersion "1"]
[SourceVersionDate "2002.11.25"]
[SourceQuality "1"]

1. e4 e5 2. Nf3 Nf6 3. d4 Nxe4 4. Nxe5 d5 5. Bd3 Nd7 6. Nd2 Nxe5 7. dxe5 Nc5 8. Nf3 Nxd3+ 9. Qxd3 Be7 10. 0-0 c6 11. Be3 0-0 12. Nd4 c5 13. Nf5 d4 14. Bd2 Bxf5 15. Qxf5 Qd5 16. Rfe1 f6 17. Qe4 Qxe4 18. Rxe4 fxe5 19. Rxe5 Bd6 1/2-1/2

[Event "Sant Boi op"]
[Site "Sant Boi de Llobregat"]
[Date "1998.??.??"]
[Round "2"]
[White "Ruiz Bravo, Alfonso"]
[Black "Hernandez Perez, Xavier"]
[Result "1-0"]
[WhiteElo "2140"]
[BlackElo "2075"]
[PlyCount "69"]
[EventDate "1998.??.??"]
[EventType "swiss"]
[EventRounds "8"]
[EventCountry "ESP"]
[SourceTitle "EXT 2003"]
[Source "ChessBase"]
[SourceDate "2002.11.25"]
[SourceVersion "1"]
[SourceVersionDate "2002.11.25"]
[SourceQuality "1"]

1. e4 e5 2. Nf3 Nf6 3. Nc3 Nc6 4. g3 Bc5 5. Bg2 d6 6. h3 0-0 7. 0-0 Re8 8. d3 Nd4 9. Na4 h6 10. Nxc5 dxc5 11. c3 Nc6 12. Be3 Qd6 13. Qc2 Bd7 14. Rad1 g5 15. Nh2 Qf8 16. f4 exf4 17. gxf4 g4 18. Nxg4 Bxg4 19. hxg4 Nxg4 20. Bc1 Ne7 21. f5 Nc6 22. Bf4 Rad8 23. Rf3 Nce5 24. Rg3 Kh7 25. d4 cxd4 26. cxd4 h5 27. Bxe5 Rxe5 28. Rxg4 hxg4 29. dxe5 Rxd1+ 30. Qxd1 Qc5+ 31. Kh1 Qxe5 32. Qxg4 Qxb2 33. Qh5+ Kg8 34. Qg5+ Kh7 35. f6 1-0

[Event "Terrassa op"]
[Site "Terrassa"]
[Date "1996.??.??"]
[Round "4"]
[White "Bjerring, Kai"]
[Black "Hernandez Perez, Xavier"]
[Result "1-0"]
[WhiteElo "2340"]
[BlackElo "2140"]
[PlyCount "90"]
[EventDate "1996.07.??"]
[EventType "swiss"]
[EventRounds "9"]
[EventCountry "ESP"]
[SourceTitle "EXT 2002"]
[Source "ChessBase"]
[SourceDate "2001.11.25"]
[SourceVersion "1"]
[SourceVersionDate "2001.11.25"]
[SourceQuality "1"]

1. e4 e5 2. Nf3 Nc6 3. d4 exd4 4. Nxd4 Qh4 5. Nb5 Qxe4+ 6. Be2 Bb4+ 7. N1c3 Kd8 8. 0-0 Bxc3 9. Nxc3 Qe5 10. Bc4 Nf6 11. Bxf7 Qe7 12. Bd5 Re8 13. Bf3 Ne5 14. Bg5 c6 15. Bh5 Ng6 16. Bxg6 hxg6 17. Qd3 d5 18. Qxg6 Be6 19. f4 Kd7 20. Rae1 Qf8 21. Bxf6 gxf6 22. f5 Bg8 23. Qg3 d4 24. Rd1 c5 25. Nb5 Kc6 26. a4 Qe7 27. Rfe1 Qd7 28. Rxe8 Rxe8 29. Nxa7+ Kb6 30. Nb5 Bd5 31. b4 Rg8 32. bxc5+ Ka5 33. Qe1+ Ka6 34. g3 Qxf5 35. Qf1 Qh5 36. Nc7+ Ka7 37. Nxd5 Qxd5 38. Qxf6 Re8 39. Qb6+ Ka8 40. c6 Re7 41. Rxd4 Re1+ 42. Kf2 Rf1+ 43. Kxf1 Qf3+ 44. Ke1 Qe3+ 45. Kd1 Qf3+ 1-0

[Event "Terrassa op"]
[Site "Terrassa"]
[Date "1996.??.??"]
[Round "1"]
[White "Izeta Txabarri, Felix"]
[Black "Hernandez Perez, Xavier"]
[Result "1-0"]
[WhiteElo "2525"]
[BlackElo "2140"]
[PlyCount "69"]
[EventDate "1996.07.??"]
[EventType "swiss"]
[EventRounds "9"]
[EventCountry "ESP"]
[SourceTitle "EXT 2002"]
[Source "ChessBase"]
[SourceDate "2001.11.25"]
[SourceVersion "1"]
[SourceVersionDate "2001.11.25"]
[SourceQuality "1"]

1. d4 Nf6 2. Nf3 d6 3. g3 Nbd7 4. c4 c6 5. Nc3 e5 6. Bg2 Be7 7. e4 0-0 8. 0-0 a6 9. a3 b5 10. c5 dxc5 11. dxe5 Ng4 12. Bf4 f6 13. exf6 Bxf6 14. Nd5 Nge5 15. Nxf6+ Qxf6 16. Nxe5 Nxe5 17. Qc2 c4 18. Bxe5 Qxe5 19. f4 Qd4+ 20. Qf2 Rd8 21. e5 Bf5 22. Bxc6 Ra7 23. Qxd4 Rxd4 24. Rad1 Rxd1 25. Rxd1 Bd3 26. Kf2 Rc7 27. Bd5+ Kf8 28. Ke3 Ke7 29. g4 g6 30. Rd2 a5 31. Rf2 b4 32. axb4 axb4 33. f5 gxf5 34. gxf5 Kf8 35. f6 1-0

[Event "Castellar op"]
[Site "Castellar"]
[Date "1995.??.??"]
[Round "?"]
[White "Hernandez Perez, Xavier"]
[Black "Mellado Trivino, Juan"]
[Result "0-1"]
[WhiteElo "2125"]
[BlackElo "2460"]
[PlyCount "65"]
[EventDate "1995.??.??"]
[EventType "swiss"]
[EventRounds "9"]
[EventCountry "ESP"]
[SourceTitle "EXT 1997"]
[Source "ChessBase"]
[SourceDate "1996.11.15"]
[SourceVersion "1"]
[SourceVersionDate "1996.11.15"]
[SourceQuality "1"]

1. e4 e6 2. d4 d5 3. Nd2 Nc6 4. Ngf3 Nf6 5. exd5 exd5 6. Bb5 Bd6 7. Qe2+ Be6 8. Ne5 0-0 9. Bxc6 bxc6 10. 0-0 c5 11. dxc5 Bxc5 12. Nb3 Bb6 13. Bg5 h6 14. Bxf6 Qxf6 15. Kh1 Rfe8 16. f4 Qf5 17. Qd2 f6 18. Nc6 Bd7 19. Nbd4 Qh5 20. Rae1 Rxe1 21. Rxe1 Re8 22. c3 Re4 23. Ne7+ Kf7 24. Ndc6 Rxe1+ 25. Qxe1 Kf8 26. f5 Bxf5 27. Nxd5 Be4 28. Nf4 Qb5 29. Nd8 Qxb2 30. h4 f5 31. Nfe6+ Ke7 32. Qg3 Qc1+ 33. Kh2 0-1